[Event "Oberliga Baden 1819"]
[Site "Baden"]
[Date "2019.02.03"]
[Round "6.5"]
[White "Schneider, Bernd1111"]
[Black "Wittmann, Ralf"]
[Result "1-0"]
[WhiteElo "2243"]
[BlackElo "2225"]
[PlyCount "69"]
[EventDate "2018.10.21"]
[EventType "team-tourn"]
[EventRounds "9"]
[EventCountry "GER"]
[SourceTitle "EXT 2020"]
[Source "ChessBase"]
[SourceDate "2019.10.17"]
[SourceVersion "1"]
[SourceVersionDate "2019.10.17"]
[SourceQuality "1"]
[WhiteTeam "Untergrombach"]
[BlackTeam "Hockenheim II"]
[WhiteTeamCountry "GER"]
[BlackTeamCountry "GER"]

1. e4 e5 2. Bc4 Nf6 3. d3 Nc6 4. Nc3 Na5 5. Bb3 Nxb3 6. axb3 d5 7. Bg5 dxe4 8. dxe4 Qxd1+ 9. Rxd1 c6 10. Nf3 Bg4 11. Bxf6 gxf6 12. Rd3 Rd8 13. Rxd8+ Kxd8 14. Nh4 h5 15. h3 Be6 16. Ke2 Kc7 17. Nd1 b5 18. Ne3 Bc5 19. Nhf5 a5 20. Ra1 Kb6 21. h4 Rg8 22. g3 Bb4 23. Kf3 Rd8 24. Rd1 Rxd1 25. Nxd1 a4 26. bxa4 bxa4 27. g4 Bxf5 28. exf5 hxg4+ 29. Kxg4 Bf8 30. Kf3 Kc5 31. Ke4 Kb4 32. h5 c5 33. Kd5 a3 34. bxa3+ Kxa3 35. c4 1-0

[Event "Oberliga Baden 1718"]
[Site "Baden"]
[Date "2018.02.25"]
[Round "7.5"]
[White "Geyer, Bernhard"]
[Black "Wittmann, Ralf"]
[Result "1-0"]
[WhiteElo "2190"]
[BlackElo "2236"]
[PlyCount "111"]
[EventDate "2017.10.08"]
[EventType "team-tourn"]
[EventRounds "9"]
[EventCountry "GER"]
[SourceTitle "EXT 2019"]
[Source "ChessBase"]
[SourceDate "2018.10.10"]
[SourceVersion "1"]
[SourceVersionDate "2018.10.10"]
[SourceQuality "1"]
[WhiteTeam "Ladenburg"]
[BlackTeam "Hockenheim II"]
[WhiteTeamCountry "GER"]
[BlackTeamCountry "GER"]

1. e4 e5 2. Nc3 Nf6 3. g3 d5 4. exd5 Nxd5 5. Bg2 Nxc3 6. bxc3 Nc6 7. Nf3 Bc5 8. Qe2 0-0 9. 0-0 Qf6 10. Rb1 Re8 11. d3 Bb6 12. Nd2 Be6 13. Ne4 Qe7 14. a4 Rad8 15. Rb5 h6 16. Kh1 f5 17. Nd2 a6 18. Rb1 Qc5 19. Bb2 Bd5 20. c4 Bxg2+ 21. Kxg2 Nd4 22. Bxd4 Qxd4 23. Nb3 Qd7 24. a5 Ba7 25. f3 Qc6 26. Rbd1 Bd4 27. Qd2 g5 28. h3 Ba7 29. Qc3 Bd4 30. Qb4 b5 31. c3 bxc4 32. Nd2 Rb8 33. Qxc4+ Qxc4 34. Nxc4 Bxc3 35. Rc1 Rb3 36. Rc2 Rd8 37. Ne3 f4 38. Ng4 Kg7 39. Nf2 Bxa5 40. Ra1 Rd5 41. h4 Rbb5 42. hxg5 hxg5 43. Ne4 Rxd3 44. Nxg5 Rd6 45. Ne4 Rg6 46. g4 Kf7 47. g5 Ke7 48. Kh3 Kd7 49. Kg4 Bb4 50. Kf5 Rgb6 51. Rd1+ Kc8 52. g6 Bf8 53. Rcd2 Bg7 54. Rd8+ Kb7 55. Rg8 Bf6 56. Rf8 1-0

[Event "Untergrombach op 33rd"]
[Site "Untergrombach"]
[Date "2016.01.03"]
[Round "2"]
[White "Wittmann, Ralf"]
[Black "Faulhaber, Rolf"]
[Result "1-0"]
[WhiteElo "2192"]
[BlackElo "2027"]
[PlyCount "153"]
[EventDate "2016.01.02"]
[EventType "swiss"]
[EventRounds "7"]
[EventCountry "GER"]
[SourceTitle "CBM 170 Extra"]
[Source "ChessBase"]
[SourceDate "2016.02.25"]
[SourceVersion "1"]
[SourceVersionDate "2016.02.25"]
[SourceQuality "1"]

1. e4 e6 2. d4 d5 3. Nd2 Be7 4. Bd3 c5 5. dxc5 Nf6 6. Qe2 0-0 7. Ngf3 a5 8. 0-0 Na6 9. e5 Nd7 10. c4 Ndxc5 11. Bb1 Nc7 12. Nb3 Nxb3 13. axb3 Bd7 14. Be3 dxc4 15. bxc4 Na6 16. Rd1 Nb4 17. Be4 Qc7 18. Bb6 Qxb6 19. Rxd7 Qc5 20. Rxb7 Ra7 21. Rb5 Qc7 22. Nd4 Rc8 23. b3 Rd8 24. Rd1 g6 25. g3 a4 26. bxa4 Rxa4 27. Bg2 Ra2 28. Qf3 Qxc4 29. Bf1 Qc8 30. Rb7 Rd7 31. Rxd7 Qxd7 32. Bc4 Ra5 33. Nb3 Qc6 34. Qxc6 Nxc6 35. Nxa5 Nxa5 36. Bb5 Nb3 37. Rd7 Kf8 38. Kf1 Nc5 39. Rc7 Nb3 40. Rc8+ Kg7 41. f4 h5 42. Be8 Nd4 43. Rc7 Kf8 44. Ba4 Nf5 45. Kf2 Nh6 46. h3 Nf5 47. Rc4 Nh6 48. Kf3 Nf5 49. Bc2 Nh6 50. Rc8+ Kg7 51. g4 hxg4+ 52. hxg4 Bb4 53. Bb3 Be7 54. Bd1 Bb4 55. Ke4 Ng8 56. Rc4 Ba3 57. Rc3 Bb4 58. Rc4 Ba3 59. Kd4 Be7 60. Ra4 Nh6 61. Kc4 g5 62. Kb5 gxf4 63. Rxf4 Bg5 64. Re4 Ng8 65. Kc5 Ne7 66. Bb3 Ng6 67. Kd6 Nf8 68. Re2 Bh4 69. Bc2 Bg5 70. Rf2 Bh4 71. Rf1 Bg5 72. Rh1 Bf4 73. Rf1 Bg5 74. Rb1 Bh4 75. Rb7 Bg5 76. Ba4 Ng6 77. Be8 1-0

[Event "Untergrombach op 33rd"]
[Site "Untergrombach"]
[Date "2016.01.02"]
[Round "1"]
[White "Prskawetz, Frank"]
[Black "Wittmann, Ralf"]
[Result "0-1"]
[WhiteElo "2093"]
[BlackElo "2192"]
[PlyCount "54"]
[EventDate "2016.01.02"]
[EventType "swiss"]
[EventRounds "7"]
[EventCountry "GER"]
[SourceTitle "CBM 170 Extra"]
[Source "ChessBase"]
[SourceDate "2016.02.25"]
[SourceVersion "1"]
[SourceVersionDate "2016.02.25"]
[SourceQuality "1"]

1. c4 e5 2. Nc3 Nf6 3. g3 Bb4 4. Bg2 Bxc3 5. bxc3 0-0 6. Nf3 Re8 7. 0-0 e4 8. Nd4 c5 9. Nc2 d5 10. cxd5 Qxd5 11. Ne3 Qh5 12. f3 Nc6 13. g4 Qg6 14. h3 h5 15. Qc2 Be6 16. Ba3 b6 17. Rf2 Rad8 18. Raf1 exf3 19. Bxf3 Ne5 20. Qxg6 fxg6 21. d4 cxd4 22. cxd4 Nxf3+ 23. Rxf3 Bxa2 24. Bb2 Nd5 25. Nxd5 Bxd5 26. R3f2 Re3 27. Kh2 Rde8 0-1

[Event "Deizisau op 8th"]
[Site "Deizisau"]
[Date "2013.10.29"]
[Round "6"]
[White "Wittmann, Ralf"]
[Black "Zeller, Frank"]
[Result "1/2-1/2"]
[WhiteElo "2196"]
[BlackElo "2414"]
[PlyCount "75"]
[EventDate "2013.10.26"]
[EventType "swiss"]
[EventRounds "7"]
[EventCountry "GER"]
[SourceTitle "EXT 2014"]
[Source "ChessBase"]
[SourceDate "2013.11.20"]
[SourceVersion "1"]
[SourceVersionDate "2013.11.20"]
[SourceQuality "1"]

1. Nf3 Nf6 2. c4 c5 3. g3 b6 4. Bg2 Bb7 5. 0-0 e6 6. b3 Be7 7. Bb2 0-0 8. e3 d6 9. Qe2 Nbd7 10. Nc3 a6 11. Rfd1 Qc7 12. d4 Rfe8 13. Rac1 Rac8 14. Nh4 Bxg2 15. Nxg2 cxd4 16. exd4 Bf8 17. Qf3 g6 18. Ne3 Bg7 19. g4 Nf8 20. g5 Nh5 21. Ne4 h6 22. h4 Nh7 23. Ba3 Rcd8 24. Ng4 hxg5 25. hxg5 Qe7 26. Qe3 f5 27. gxf6 N5xf6 28. Ngxf6+ Nxf6 29. Nxd6 Rxd6 30. Qg3 Red8 31. Qxg6 Nh7 32. Bxd6 Rxd6 33. c5 Rd5 34. Kf1 Nf8 35. Qg3 bxc5 36. dxc5 Rxd1+ 37. Rxd1 Qxc5 38. Rd8 1/2-1/2

[Event "Oberliga Wuerttemberg 1314"]
[Site "Wuerttemberg"]
[Date "2013.10.13"]
[Round "1.5"]
[White "Wittmann, Ralf"]
[Black "Fischer, Sebastian"]
[Result "0-1"]
[WhiteElo "2126"]
[BlackElo "2218"]
[PlyCount "70"]
[EventDate "2013.10.13"]
[EventType "team-tourn"]
[EventRounds "9"]
[EventCountry "GER"]
[SourceTitle "EXT 2019"]
[Source "ChessBase"]
[SourceDate "2018.10.10"]
[SourceVersion "1"]
[SourceVersionDate "2018.10.10"]
[SourceQuality "1"]
[WhiteTeam "Stuttgart SF II"]
[BlackTeam "Stuttgart SF"]
[WhiteTeamCountry "GER"]
[BlackTeamCountry "GER"]

1. Nf3 f5 2. d3 Nc6 3. d4 d6 4. Bf4 e6 5. c4 Be7 6. d5 e5 7. dxc6 exf4 8. Nd4 Bf6 9. cxb7 Bxb7 10. Nc3 Qd7 11. Qd2 Be5 12. Nd5 Nf6 13. Ne6 Bxd5 14. cxd5 Rb8 15. Rb1 c6 16. Nxf4 Ne4 17. Qc1 cxd5 18. Nd3 0-0 19. f3 Rfc8 20. Qd1 Nc5 21. e3 Na4 22. Be2 d4 23. 0-0 Nc5 24. e4 fxe4 25. fxe4 Rf8 26. Bf3 Qe7 27. b4 Nxd3 28. Qxd3 Rbc8 29. Bd1 Rxf1+ 30. Qxf1 Qh4 31. Bb3+ Kh8 32. Qf5 Qxh2+ 33. Kf1 Qh1+ 34. Kf2 Qh4+ 35. Ke2 d3+ 0-1

[Event "Deizisau op 6th"]
[Site "Deizisau"]
[Date "2011.11.01"]
[Round "7"]
[White "Dobosz, Henryk"]
[Black "Wittmann, Ralf"]
[Result "1/2-1/2"]
[WhiteElo "2409"]
[BlackElo "2199"]
[PlyCount "39"]
[EventDate "2011.10.29"]
[EventType "swiss"]
[EventRounds "7"]
[EventCountry "GER"]
[SourceTitle "EXT 2012"]
[Source "ChessBase"]
[SourceDate "2011.11.24"]
[SourceVersion "1"]
[SourceVersionDate "2011.11.24"]
[SourceQuality "1"]

1. d4 Nf6 2. Nf3 e6 3. e3 c5 4. c4 a6 5. Nc3 d5 6. a3 Nc6 7. cxd5 exd5 8. Be2 Bd6 9. dxc5 Bxc5 10. b4 Ba7 11. Bb2 0-0 12. b5 Na5 13. bxa6 bxa6 14. Na2 Bc5 15. Nb4 Rb8 16. 0-0 Rb6 17. Bd4 Bxd4 18. Nxd4 Nc4 19. Qc2 Bb7 20. Rfc1 1/2-1/2

[Event "Oberliga Wuerttemberg 0809"]
[Site "Wuerttemberg"]
[Date "2008.10.12"]
[Round "1.2"]
[White "Strunski, Andreas"]
[Black "Wittmann, Ralf"]
[Result "1-0"]
[WhiteElo "2352"]
[BlackElo "2088"]
[PlyCount "75"]
[EventDate "2008.10.12"]
[EventType "team-tourn"]
[EventRounds "9"]
[EventCountry "GER"]
[SourceTitle "EXT 2019"]
[Source "ChessBase"]
[SourceDate "2018.10.10"]
[SourceVersion "1"]
[SourceVersionDate "2018.10.10"]
[SourceQuality "1"]
[WhiteTeam "Stuttgart SF"]
[BlackTeam "Stuttgart SF II"]
[WhiteTeamCountry "GER"]
[BlackTeamCountry "GER"]

1. d4 d5 2. c4 c6 3. Nf3 Nf6 4. e3 Bf5 5. Nc3 e6 6. Nh4 Bg6 7. Nxg6 hxg6 8. Bd2 Bd6 9. g3 Nbd7 10. a3 Qe7 11. c5 Bc7 12. f4 g5 13. Bg2 gxf4 14. exf4 Nh5 15. Qb3 b6 16. Qa4 0-0 17. b4 a5 18. Qd1 g6 19. 0-0 Qf6 20. Ne2 axb4 21. axb4 b5 22. Rf3 Rfb8 23. Rfa3 Qd8 24. Ra6 Qc8 25. Rxc6 Qb7 26. Rxc7 Qxc7 27. Nc3 Qb7 28. Bf1 Rxa1 29. Qxa1 Ra8 30. Qb1 Nb8 31. Nxb5 Ra4 32. Bc3 Nc6 33. Bd3 Nf6 34. Nd6 Qd7 35. Bc2 Ra8 36. b5 Nd8 37. b6 Qc6 38. Bxg6 1-0

[Event "Stuttgart-chA int"]
[Site "Gerlingen"]
[Date "2007.05.17"]
[Round "2"]
[White "Wittmann, Ralf"]
[Black "Rautenberg, Uwe"]
[Result "1-0"]
[WhiteElo "2194"]
[BlackElo "1972"]
[PlyCount "91"]
[EventDate "2007.05.17"]
[EventType "swiss"]
[EventRounds "7"]
[EventCountry "GER"]
[SourceTitle "EXT 2018"]
[Source "ChessBase"]
[SourceDate "2017.10.13"]
[SourceVersion "1"]
[SourceVersionDate "2017.10.13"]
[SourceQuality "1"]

1. e4 Nf6 2. e5 Nd5 3. d4 d6 4. c4 Nb6 5. exd6 exd6 6. Nc3 Nc6 7. Be3 Be7 8. Qf3 Bf6 9. 0-0-0 Bd7 10. Nh3 Qe7 11. Nf4 0-0-0 12. Ncd5 Nxd5 13. Nxd5 Qe6 14. Nxf6 Qxf6 15. Qxf6 gxf6 16. d5 Ne7 17. Bd4 Ng8 18. Bd3 a6 19. h4 h5 20. Rde1 Re8 21. Rxe8+ Bxe8 22. Rh3 Bd7 23. Rf3 Rh6 24. Rg3 Ne7 25. Rg7 Be8 26. Kd2 Kd7 27. g3 Kd8 28. Rh7 Rxh7 29. Bxh7 f5 30. Bf6 Bd7 31. Ke3 Ke8 32. Kf4 Ng6+ 33. Kg5 Kf8 34. Kxh5 Be8 35. Kg5 c6 36. dxc6 bxc6 37. h5 Ne5 38. Bxe5 dxe5 39. Bxf5 Ke7 40. Kh6 Kf8 41. g4 f6 42. g5 fxg5 43. Kxg5 c5 44. Kf6 Bxh5 45. Kxe5 Bf7 46. Be6 1-0

[Event "Stuttgart-chA int"]
[Site "Ditzingen"]
[Date "2006.05.27"]
[Round "6"]
[White "Wittmann, Ralf"]
[Black "Schmidt, Jens Uwe"]
[Result "1/2-1/2"]
[WhiteElo "2204"]
[BlackElo "2074"]
[PlyCount "49"]
[EventDate "2006.05.25"]
[EventType "swiss"]
[EventRounds "7"]
[EventCountry "GER"]
[SourceTitle "EXT 2018"]
[Source "ChessBase"]
[SourceDate "2017.10.13"]
[SourceVersion "1"]
[SourceVersionDate "2017.10.13"]
[SourceQuality "1"]

1. e4 d5 2. Nc3 dxe4 3. Nxe4 e6 4. d4 Nc6 5. Nf3 b6 6. Bb5 Bb7 7. Ne5 Qd5 8. Qf3 0-0-0 9. Nxc6 Bxc6 10. Bxc6 Qxc6 11. Be3 Nf6 12. Ng5 Qxf3 13. Nxf3 Bd6 14. c4 Ne4 15. Ke2 h6 16. b4 Bxb4 17. Ne5 Rdf8 18. f3 Nf6 19. Nc6 Bc3 20. Rac1 Kb7 21. Ne5 Bb4 22. c5 Nd5 23. Rc4 b5 24. Rc2 c6 25. Ra1 1/2-1/2

[Event "Stuttgart-chA int"]
[Site "Ditzingen"]
[Date "2006.05.26"]
[Round "3"]
[White "Steinbach, Peter"]
[Black "Wittmann, Ralf"]
[Result "1-0"]
[WhiteElo "1909"]
[BlackElo "2204"]
[PlyCount "51"]
[EventDate "2006.05.25"]
[EventType "swiss"]
[EventRounds "7"]
[EventCountry "GER"]
[SourceTitle "EXT 2018"]
[Source "ChessBase"]
[SourceDate "2017.10.13"]
[SourceVersion "1"]
[SourceVersionDate "2017.10.13"]
[SourceQuality "1"]

1. d4 d5 2. Nf3 Nf6 3. c4 c6 4. Nc3 a6 5. Ne5 b5 6. b3 e6 7. g3 Nbd7 8. Bb2 Nxe5 9. dxe5 Nd7 10. Bg2 bxc4 11. bxc4 Rb8 12. Qc2 Nxe5 13. cxd5 cxd5 14. Nxd5 Rxb2 15. Nc7+ Ke7 16. Qxb2 Qxc7 17. 0-0 Bd7 18. Rac1 Qa5 19. Rfd1 Ba4 20. Rd4 Be8 21. Re4 Nd7 22. Rec4 f5 23. Rc6 Kf7 24. Qb3 Qe5 25. Rxa6 Qxe2 26. Rxe6 1-0

[Event "Staufer op 17th"]
[Site "Schwaebisch Gmuend"]
[Date "2005.01.04"]
[Round "6"]
[White "Dolezal, Radoslav1111"]
[Black "Wittmann, Ralf"]
[Result "1/2-1/2"]
[WhiteElo "2420"]
[BlackElo "2191"]
[PlyCount "54"]
[EventDate "2005.01.??"]
[EventType "swiss"]
[EventRounds "9"]
[EventCountry "GER"]
[SourceTitle "EXT 2008"]
[Source "ChessBase"]
[SourceDate "2007.11.25"]
[SourceVersion "1"]
[SourceVersionDate "2007.11.25"]
[SourceQuality "1"]

1. d4 Nf6 2. Nf3 e6 3. e3 b6 4. Bd3 Bb7 5. Nbd2 c5 6. 0-0 Be7 7. b3 Nc6 8. a3 cxd4 9. exd4 0-0 10. Bb2 Rc8 11. Rc1 Qc7 12. Re1 Qf4 13. c4 d5 14. c5 a5 15. cxb6 Bd8 16. Rxc6 Rxc6 17. Ne5 Rxb6 18. Ndf3 Qh6 19. Bc1 Qh5 20. h3 Ne4 21. g4 Qxh3 22. Bf1 Qh1+ 23. Kxh1 Nxf2+ 24. Kg2 Nxd1 25. Rxd1 Rxb3 26. Nd7 Re8 27. Nc5 Rb6 1/2-1/2

[Event "Staufer op 17th"]
[Site "Schwaebisch Gmuend"]
[Date "2005.01.04"]
[Round "5"]
[White "Wittmann, Ralf"]
[Black "Drabke, Lorenz Maximilian"]
[Result "1/2-1/2"]
[WhiteElo "2129"]
[BlackElo "2428"]
[PlyCount "85"]
[EventDate "2005.01.??"]
[EventType "swiss"]
[EventRounds "9"]
[EventCountry "GER"]
[SourceTitle "EXT 2008"]
[Source "ChessBase"]
[SourceDate "2007.11.25"]
[SourceVersion "1"]
[SourceVersionDate "2007.11.25"]
[SourceQuality "1"]

1. e4 c5 2. Nc3 Nc6 3. Bb5 Nd4 4. Ba4 Qa5 5. Nf3 g6 6. Rb1 b5 7. Nxd4 bxa4 8. Nde2 Bg7 9. 0-0 d6 10. d3 Nf6 11. Bd2 Qa6 12. f4 0-0 13. Qe1 c4 14. d4 Bb7 15. Ng3 Ng4 16. d5 e6 17. Qe2 Nf6 18. dxe6 fxe6 19. a3 Rab8 20. Be3 Bc8 21. Bd4 Rb7 22. e5 Nd7 23. Nge4 d5 24. Nd6 Rc7 25. Ncb5 Rc6 26. Qg4 Nc5 27. Bc3 Qb6 28. Kh1 a6 29. Nxc8 Rcxc8 30. Nd6 Rc7 31. Bd4 Re7 32. b4 axb3 33. cxb3 Qc6 34. bxc4 dxc4 35. Rfc1 Qd5 36. Bxc5 Qxc5 37. Rxc4 Qxa3 38. Nc8 Ree8 39. Nd6 Re7 40. h4 Kh8 41. Rc8 Rxc8 42. Nxc8 Rc7 43. Nd6 1/2-1/2

[Event "Oberliga Wuerttemberg 0203"]
[Site "Wuerttemberg"]
[Date "2003.04.10"]
[Round "8"]
[White "Wittmann, Ralf"]
[Black "Igney, Volkhard"]
[Result "0-1"]
[WhiteElo "2132"]
[BlackElo "2193"]
[PlyCount "54"]
[EventDate "2002.10.13"]
[EventType "team-tourn"]
[EventRounds "9"]
[EventCountry "GER"]
[SourceTitle "EXT 2019"]
[Source "ChessBase"]
[SourceDate "2018.10.10"]
[SourceVersion "1"]
[SourceVersionDate "2018.10.10"]
[SourceQuality "1"]
[WhiteTeam "Ditzingen"]
[BlackTeam "Sindelfingen"]
[WhiteTeamCountry "GER"]
[BlackTeamCountry "GER"]

1. e4 c6 2. d4 d5 3. e5 Bf5 4. Nf3 e6 5. Be2 c5 6. Be3 Nd7 7. 0-0 Rc8 8. c4 dxc4 9. Qa4 a6 10. Rd1 Ne7 11. dxc5 Nc6 12. Qxc4 Qc7 13. Rxd7 Qxd7 14. Nc3 Be7 15. b4 0-0 16. a4 Qc7 17. Bf4 b6 18. Qxa6 Nxb4 19. Qb5 Qxc5 20. Nd1 Qxb5 21. Bxb5 Rfd8 22. Nb2 Nd5 23. Bd2 Bc5 24. Nc4 Be4 25. Re1 Bxf3 26. gxf3 Nc7 27. Bc6 Rd4 0-1

[Event "Staufer op 13th"]
[Site "Schwaebisch Gmuend"]
[Date "2001.??.??"]
[Round "7"]
[White "Ruprich, Udo"]
[Black "Wittmann, Ralf"]
[Result "1-0"]
[WhiteElo "2007"]
[BlackElo "2213"]
[PlyCount "43"]
[EventDate "2001.01.??"]
[EventType "swiss"]
[EventRounds "9"]
[EventCountry "GER"]
[SourceTitle "CBM 080 Extra"]
[Source "ChessBase"]
[SourceDate "2001.03.08"]
[SourceVersion "1"]
[SourceVersionDate "2001.03.08"]
[SourceQuality "1"]

1. e4 e6 2. Nf3 d5 3. exd5 exd5 4. d4 Bd6 5. Bd3 Nc6 6. Bg5 Nge7 7. Nbd2 Be6 8. c3 Qd7 9. Qc2 Bf5 10. 0-0-0 0-0 11. Bxe7 Bxd3 12. Qxd3 Nxe7 13. Rhe1 Ng6 14. g3 Rae8 15. h4 c6 16. Nf1 Qg4 17. N3h2 Qh3 18. Qf3 Re6 19. h5 Rf6 20. Qg4 Qg2 21. f4 Ne7 22. Re2 1-0

[Event "Staufer op 13th"]
[Site "Schwaebisch Gmuend"]
[Date "2001.??.??"]
[Round "6"]
[White "Wittmann, Ralf"]
[Black "Heimrath, Reiner"]
[Result "0-1"]
[WhiteElo "2213"]
[BlackElo "2321"]
[PlyCount "32"]
[EventDate "2001.01.??"]
[EventType "swiss"]
[EventRounds "9"]
[EventCountry "GER"]
[SourceTitle "CBM 080 Extra"]
[Source "ChessBase"]
[SourceDate "2001.03.08"]
[SourceVersion "1"]
[SourceVersionDate "2001.03.08"]
[SourceQuality "1"]

1. e4 e5 2. Nf3 Nc6 3. d4 exd4 4. Nxd4 Nf6 5. Nxc6 bxc6 6. e5 Qe7 7. Qe2 Nd5 8. c4 Nb6 9. Nd2 Bb7 10. b3 a5 11. Bb2 a4 12. Qe3 axb3 13. axb3 Rxa1+ 14. Bxa1 Qa3 15. Qc3 Bb4 16. Qb2 Qa5 0-1

[Event "Leinfelden Schachtage op 2nd"]
[Site "Leinfelden"]
[Date "2000.??.??"]
[Round "7"]
[White "Fahnenschmidt, Gerhard"]
[Black "Wittmann, Ralf"]
[Result "1-0"]
[WhiteElo "2336"]
[BlackElo "2248"]
[PlyCount "81"]
[EventDate "2000.08.??"]
[EventType "swiss"]
[EventRounds "9"]
[EventCountry "GER"]
[SourceTitle "EXT 2003"]
[Source "ChessBase"]
[SourceDate "2002.11.25"]
[SourceVersion "1"]
[SourceVersionDate "2002.11.25"]
[SourceQuality "1"]

1. d4 f5 2. Bg5 g6 3. Nd2 d5 4. c4 c6 5. e3 Bg7 6. Ngf3 Nf6 7. cxd5 Nxd5 8. Bc4 Be6 9. 0-0 0-0 10. a4 Nd7 11. a5 Bf7 12. Bh4 Qb8 13. Ng5 e5 14. Nxf7 Rxf7 15. Nf3 Qd6 16. Qb3 e4 17. Ng5 Rff8 18. Nh3 N7f6 19. Bxf6 Bxf6 20. Nf4 Rfd8 21. Rfc1 g5 22. Bxd5+ cxd5 23. Nh5 Rd7 24. Rc5 Be7 25. Rac1 Rad8 26. Rb5 Qg6 27. Ng3 f4 28. Ne2 f3 29. Ng3 h5 30. Rxb7 h4 31. Rxd7 Rxd7 32. Rc8+ Kf7 33. Qb5 Qe6 34. Nxe4 Qxe4 35. gxf3 Qb1+ 36. Kg2 Qf5 37. h3 Bd6 38. e4 Qe6 39. e5 Rc7 40. Rh8 Be7 41. Qe8+ 1-0

[Event "Leinfelden Schachtage op 2nd"]
[Site "Leinfelden"]
[Date "2000.??.??"]
[Round "2"]
[White "Gheng, Josef"]
[Black "Wittmann, Ralf"]
[Result "1-0"]
[WhiteElo "2286"]
[BlackElo "2248"]
[PlyCount "113"]
[EventDate "2000.08.??"]
[EventType "swiss"]
[EventRounds "9"]
[EventCountry "GER"]
[SourceTitle "EXT 2003"]
[Source "ChessBase"]
[SourceDate "2002.11.25"]
[SourceVersion "1"]
[SourceVersionDate "2002.11.25"]
[SourceQuality "1"]

1. e4 e6 2. d4 d5 3. Nd2 Nc6 4. Ngf3 Nf6 5. e5 Nd7 6. c3 f6 7. Bd3 fxe5 8. dxe5 Ndxe5 9. Nxe5 Nxe5 10. Qh5+ Nf7 11. Bxh7 Qg5 12. Qxg5 Nxg5 13. Bg6+ Ke7 14. f4 Kf6 15. Bc2 Nf7 16. Nf3 Bc5 17. Bd2 Bd7 18. a4 a5 19. Rf1 Nd6 20. Ne5 Be8 21. 0-0-0 Ne4 22. Rde1 Nxd2 23. Kxd2 g6 24. Ng4+ Kf7 25. Rf3 Rd8 26. Re5 Rh5 27. Rxh5 gxh5 28. Ne5+ Kf6 29. g4 Bd6 30. g5+ Kg7 31. h4 c5 32. Re3 c4 33. Rg3 d4 34. g6 dxc3+ 35. Kxc3 Bb4+ 36. Kxc4 Rc8+ 37. Kd3 b5 38. Bb3 Rd8+ 39. Ke4 Rd6 40. Rd3 Kf6 41. Rxd6 Bxd6 42. axb5 Bxb5 43. Bxe6 Be8 44. f5 Ba4 45. b3 Bb5 46. Nc4 Bxc4 47. bxc4 a4 48. Kd3 Bg3 49. c5 Bxh4 50. c6 Bg3 51. Ke4 a3 52. Kf3 Bc7 53. Kg2 Kg7 54. Kh3 Kh6 55. Bf7 Kg7 56. Kh4 Be5 57. Kxh5 1-0

[Event "Leinfelden Schachtage op 2nd"]
[Site "Leinfelden"]
[Date "2000.??.??"]
[Round "9"]
[White "Giacopelli, Vincenzo"]
[Black "Wittmann, Ralf"]
[Result "1/2-1/2"]
[WhiteElo "2131"]
[BlackElo "2248"]
[PlyCount "41"]
[EventDate "2000.08.??"]
[EventType "swiss"]
[EventRounds "9"]
[EventCountry "GER"]
[SourceTitle "EXT 2003"]
[Source "ChessBase"]
[SourceDate "2002.11.25"]
[SourceVersion "1"]
[SourceVersionDate "2002.11.25"]
[SourceQuality "1"]

1. e4 e6 2. Qe2 b6 3. Nf3 Bb7 4. g3 c5 5. Bg2 Nc6 6. 0-0 g6 7. c3 Bg7 8. d3 Nge7 9. Nh4 d5 10. f4 0-0 11. Na3 Qd7 12. e5 d4 13. Nc4 dxc3 14. bxc3 Ba6 15. Bb2 Rad8 16. Rad1 b5 17. Nd6 b4 18. c4 Nc8 19. Ne4 Nd4 20. Qf2 Qc7 21. Nf3 1/2-1/2

[Event "Leinfelden Schachtage op 1st"]
[Site "Leinfelden"]
[Date "2000.??.??"]
[Round "3"]
[White "Hoffmann, Hans"]
[Black "Wittmann, Ralf"]
[Result "1/2-1/2"]
[WhiteElo "2219"]
[BlackElo "2248"]
[PlyCount "38"]
[EventDate "2000.08.??"]
[EventType "swiss"]
[EventRounds "7"]
[EventCountry "GER"]
[SourceTitle "EXT 2003"]
[Source "ChessBase"]
[SourceDate "2002.11.25"]
[SourceVersion "1"]
[SourceVersionDate "2002.11.25"]
[SourceQuality "1"]

1. c4 Nf6 2. Nf3 e6 3. Nc3 c5 4. g3 b6 5. Bg2 Bb7 6. 0-0 Be7 7. d4 cxd4 8. Nxd4 Bxg2 9. Kxg2 Qc8 10. Qd3 0-0 11. b3 d6 12. Bb2 Nbd7 13. Rac1 a6 14. Kg1 Qb7 15. Qf3 Qxf3 16. Nxf3 Nc5 17. Rfd1 Rfd8 18. Nd2 Kf8 19. Kg2 Rab8 1/2-1/2

[Event "Leinfelden Schachtage op 2nd"]
[Site "Leinfelden"]
[Date "2000.??.??"]
[Round "3"]
[White "Schenk, Uwe"]
[Black "Wittmann, Ralf"]
[Result "1/2-1/2"]
[WhiteElo "2152"]
[BlackElo "2248"]
[PlyCount "56"]
[EventDate "2000.08.??"]
[EventType "swiss"]
[EventRounds "9"]
[EventCountry "GER"]
[SourceTitle "EXT 2003"]
[Source "ChessBase"]
[SourceDate "2002.11.25"]
[SourceVersion "1"]
[SourceVersionDate "2002.11.25"]
[SourceQuality "1"]

1. d4 Nf6 2. c4 e6 3. g3 c5 4. d5 exd5 5. cxd5 d6 6. Nc3 g6 7. Bg2 Bg7 8. Nf3 0-0 9. 0-0 Na6 10. Nd2 Nc7 11. Nc4 Nh5 12. a4 f5 13. h3 b6 14. Qd2 Qe7 15. b3 Ne8 16. Bb2 Bd7 17. Rae1 Rb8 18. Kh2 a6 19. f4 b5 20. axb5 axb5 21. Na5 b4 22. Nd1 Ra8 23. Bxg7 Qxg7 24. Nc4 Nhf6 25. Nf2 Bb5 26. e4 fxe4 27. Nxe4 Nxe4 28. Rxe4 Qa7 1/2-1/2